Volcanic hazards /

Bibliographic Details
Corporate Author: American Geophysical Union
Other Authors: Tilling, Robert I.
Format: Book
Language:English
Published: Washington, DC : American Geophysical Union, [1989]
Series:Short course in geology ; v. 1.
Subjects:

MARC

Tag First Indicator Second Indicator Subfields
LEADER 00000cam a22000008a 4500
001 in00000928521
005 20150925125148.0
008 890524s1989 dcu b 00000 eng
010 |a  89014890  
020 |a 0875907059 
035 |a (OCoLC)19847639 
040 |a DLC  |c DLC  |d TXA  |d UtOrBLW 
049 |a TXAM 
050 0 0 |a QE522  |b .V88 1989 
082 0 |a 363.3/495  |2 20 
245 0 0 |a Volcanic hazards /  |c Robert I. Tilling, editor. 
263 |a 8906 
264 1 |a Washington, DC :  |b American Geophysical Union,  |c [1989] 
264 4 |c ©1989 
300 |a 123 pages :  |b illustrations 
336 |a text  |b txt  |2 rdacontent 
337 |a unmediated  |b n  |2 rdamedia 
338 |a volume  |b nc  |2 rdacarrier 
490 1 |a Short course in geology ;  |v v. 1 
504 |a Includes bibliographical references. 
650 0 |a Volcanoes. 
700 1 |a Tilling, Robert I. 
710 2 |a American Geophysical Union. 
830 0 |a Short course in geology ;  |v v. 1. 
999 |a MARS 
999 f f |s b981fb2f-a54e-3752-b681-1c13e02cac68  |i 4a9b65b1-60bd-38eb-b457-b4536c17ae14  |t 0 
952 f f |p ric  |a Texas A&M University  |b Rellis Campus  |c Joint Library Facility  |s JLF  |d Remote Storage  |t 0  |e QE522 .V88 1989  |h Library of Congress classification  |i unmediated -- volume  |m A14829174310 
998 f f |a QE522 .V88 1989  |t 0  |l Remote Storage